[Event "Olympiad-34"]
[Site "Istanbul"]
[Date "2000.11.12"]
[Round "14.2"]
[White "Nielsen, Peter Heine"]
[Black "Georgiev, Kiril"]
[Result "1-0"]
[WhiteElo "2578"]
[BlackElo "2661"]
[Annotator "Nielsen,Peter Heine"]
[PlyCount "83"]
[EventDate "2000.10.28"]
[EventType "team-swiss"]
[EventRounds "14"]
[EventCountry "TUR"]
[SourceTitle "EXT 2001"]
[Source "ChessBase"]
[SourceDate "2000.11.22"]
[SourceVersion "1"]
[SourceVersionDate "2000.11.22"]
[SourceQuality "1"]
[WhiteTeam "Denmark"]
[BlackTeam "Bulgaria"]
[WhiteTeamCountry "DEN"]
[BlackTeamCountry "BUL"]

1. d4 {Lutz} Nf6 2. Nf3 d5 {Actually a strange move order as 2 c4 c6 3 Bf4 d5
4 e3 is a bit uncomfortable for black} 3. c4 c6 4. Nc3 e6 5. Bg5 h6 6. Bh4 dxc4
7. e4 g5 8. Bg3 b5 9. Be2 Bb7 10. h4 (10. e5 {Lutz} Nh5 11. a4 a6 12. Nxg5 $1
Nxg3 13. Nxf7 $1 Kxf7 14. fxg3 $40 {0-1 Kramnik,V-Anand,V/Belgrade 1997/CBM 62/
[Anand] (42)}) 10... g4 11. Ne5 h5 12. O-O Nfd7 {'?!' Lutz. New to me, but it
seems it has been played in Bosboom-Yuneev. It looks highly artificial, but it
does open the d8-h8 diagonal for blacks queen, which gives some tactical
possibilities.} ({Einen solideren Eindruck macht} 12... Nbd7 {Lutz} 13. Qc2
Nxe5 14. Bxe5 Bg7 {, was zuletzt einige Male gespielt wurde.}) 13. Nxf7 {
'!' Lutz. Surely the most testing move. White sacs a whole knight, but blacks
king is under serious attack, and his queenside momentarily asleep.  Lutz:
'Dieses Springeropfer auf f7 ist nicht untypisch. Es wird motiviert durch den
schlafenden schwarzen Damenflügel. In etwas anderer Form geschah dieses Opfer
auch in der spannenden Partie Kramnik,V-Anand,V (Belgrad 1997), s.o..'} (13. f3
{Looks most logical, however black has} Nxe5 14. Bxe5 Nd7 $1 15. Bxh8 $2 (15.
Bg3) 15... g3 {Winning immediately.}) (13. d5 {Is also interesting. during the
game i feared} Nxe5 14. Bxe5 Qxh4 (14... Rg8 {Seemes best, giving white some
compensation, but who is better is not clear} 15. a4 $5 (15. dxe6 {Dosent seem
to give enough} fxe6 16. Qxd8+ Kxd8 17. Rfd1+ Nd7 18. a4 a6 19. Bg3 Ke8 {
And black is pretty solid}) 15... b4 (15... a6 16. dxc6 Nxc6 {Is best, and
again black looks ok}) 16. Bxc4 bxc3 17. dxe6 fxe6 18. Qb3 {Is too dangerous
for black}) 15. Bxh8 Bd6 (15... Bc5 16. Bd4) 16. e5 Bc5 {seeing no defence
against g3, but both Bf6 or Ne4 wins on the spot} (16... g3 17. fxg3 Bc5+ 18.
Rf2 Qxg3)) 13... Kxf7 14. f3 {Lutz: 'Die Öffnung der f-Linie ist natürlich ein
wesentlicher Bestandteil des weißen Angriffs.'} Kg8 (14... gxf3 {Was played by
Yuneev, who went quickly under after} 15. Bxf3 Kg8 16. e5 (16. Bxh5 $5) 16...
Qe8 17. Be4 Be7 18. Rf4 Rh6 19. Qf3 Na6 20. Rf1 (20. Rf1 {Lutz} Nac5 21. dxc5
Bxc5+ 22. Bf2 Bxf2+ 23. Qxf2 Nxe5 24. Qc5 {1-0 Bosboom,M-Yuneev,A/Wijk aan Zee
2000/CBM 74 ext (24)})) 15. fxg4 (15. e5) 15... e5 {Played quickly, indicating
that it might have been preperation. Its logical preventing white from playing
e5 himself, as well as it fights for squares in the center.} 16. g5 {The idea
is to take h5 with bishop, as well as controlling f6, making sure blacks
knights will have their problems protecting their king  Lutz: 'Es ist
erstaunlich, wie hilflos Schwarz ist, obwohl der weiße Angriff eher langsam
vorankommt.'} (16. gxh5 {Also looks tempting, as} exd4 (16... Bg7 {However
seems ok for black}) 17. Bxc4+ bxc4 18. Qg4+ Bg7 19. Qe6+ Kh7 20. Qg6+ Kg8 21.
Rf7 {Wins}) 16... exd4 (16... Qb6 17. Bxh5 (17. Bf2 {Is ok too} exd4 18. Bxh5
c5 19. Nd5 Bxd5 20. exd5 Ne5 21. Bg3 Nbd7 22. Bg4) 17... Qxd4+ 18. Kh2 Qxd1 19.
Bf7+ Kg7 20. Raxd1 {Seems winning as Be6 is next}) (16... Qe8 17. d5 {Is hard
to asses, but I prefer white. a4 is a serious threat undermining c4. Black is
surely a piece up, but I doubt he will be able to defend} (17. Rf5 exd4 18.
Qxd4)) 17. Bxh5 Rh7 (17... dxc3 18. Bf7+ Kg7 19. Qd4+ Nf6 20. Qxc3 (20. gxf6+
$6 Kxf7 21. Qxd8 $2 Bc5+ $1 $19) 20... Kxf7 (20... Bc5+ 21. Bf2 Kxf7 22. Bxc5
Nbd7 23. Bd4 (23. Rad1 Qe8 24. Rxd7+ Qxd7 25. Qxf6+ Kg8 26. Qg6+ Qg7 27. Qe6+
Kh7 28. Rf7 $18) 23... Rh7 24. Bxf6 Nxf6 25. Rxf6+ Kg8 26. Rg6+ Kf7 27. h5 Qb6+
28. Kf1 Rf8 29. Rf6+ Kg8 30. g6 {Is a nice product of Fritz, which seems
winning for white}) 21. Rxf6+ Kg8 (21... Ke8 22. Re6+ Kf7 23. Rf1+ Kxe6 24.
Qe5+ Kd7 25. Qf5+ Ke7 26. Qf7#) 22. Rg6+ Kh7 (22... Kf7 {Lutz} 23. Qf3+ Ke8 (
23... Kxg6 24. Qf5+ Kg7 (24... Kh5 25. Qf7+ Kg4 26. Qf3#) 25. Be5+ Kg8 26. Qg6+
) 24. Re6+ Be7 25. Rf1 {Mit der Idee 26.Df7+ Kd7 27.Td1+.} Qd4+ 26. Rf2 Rh7 27.
g6 Rg7 28. Be5 $18) 23. Qf3 {And again white crashes through}) 18. Bg6 Qe7 (
18... Rg7 19. Qh5 Qe7 20. e5 {'!' Lutz.} (20. Ne2 c5 21. Nf4 Ne5 22. Bf5 {
Is simple and good, but not too speculative}) (20. Rf3 $1 {Lutz} dxc3 21. Raf1
{und die Drohung 22.Lf7+ ist tödlich, z.B.} Qe6 22. Bf7+ Rxf7 23. Rxf7 Bg7 (
23... Bc5+ 24. Kh1 Nf8 25. Be5 Qxe5 26. Rxf8+ Bxf8 27. Qf7+ Kh8 28. Qxf8+ Kh7
29. Qh6+ Kg8 30. Rf8#) 24. g6 {nebst Matt auf h7.}) 20... dxc3 21. Rae1 {
Is much more fun. White sacs more material, but seems to win by a direct
assault} Rxg6 (21... Qe6 22. Rf6 Nxf6 (22... Qd5 23. e6 Nxf6 24. Bf7+ Rxf7 25.
Qxf7+ Kh8) 23. exf6) 22. Qxg6+ Bg7 (22... Qg7 23. Qe6+ Kh8 24. Rf7 Bc5+ 25. Kh1
Nf8 26. Qf5) 23. e6) (18... dxc3 {Lutz} 19. Bxh7+ Kxh7 20. Qh5+ Kg8 21. Qg6+
Bg7 22. Rf7 $18) 19. Bd6 {'!' Lutz.} Qg7 (19... Qxd6 20. Bxh7+ Kxh7 21. Qh5+
Kg8 22. g6 Qe7 23. Rf7 {Wins allthough fritz finds an amazing idea to fight a
bit !} Nf6 (23... Qxf7 {Lutz} 24. gxf7+ Kg7 25. Rf1 $18) 24. Rxf6 Nd7 25. Rf7
Nf6 26. Rxf6 dxc3 {As Rxf8 now is answered by Rxf8 black can take on c3, but}
27. e5 cxb2 28. Raf1 {Does win easily}) 20. Bxh7+ Qxh7 21. Qg4 (21. Bxf8 {
Seems good too}) (21. Qxd4 c5 22. Qd2 Bg7 {Is not too clear though}) 21... Qg6
(21... Bxd6 22. Qe6+ Kh8 23. Rf7 {'+-' Lutz. Wins}) 22. Bxf8 Ne5 (22... Nxf8 {
Looks as the critacal reply, but white wins by force} 23. Rxf8+ (23. Ne2 $5 {
(Lutz) sieht gut aus, z.B.} c5 24. Nf4 Qxe4 (24... Qh7 25. g6 $40) 25. Rae1 Qh7
26. Nh5 Nbd7 27. Rxf8+ Rxf8 28. g6 Qh6 29. Qe6+ Kh8 30. g7+ Kh7 31. gxf8=N+
Nxf8 32. Qf7+ Kh8 33. Re8 $18) 23... Kxf8 24. Rf1+ Ke7 (24... Kg8 25. Rf6 Qe8
26. Qf5) (24... Kg7 25. Rf6 Qe8 26. Rh6 Bc8 (26... Nd7 27. Qf5) 27. Qf4 Qe7 (
27... Nd7 28. Qf5) 28. g6) (24... Ke8 25. h5 Qg8 26. g6) 25. Rf6 (25. h5) 25...
Qg8 26. Qf4 (26. Qf5 Nd7) 26... Nd7 (26... Bc8 27. Qd6+ Ke8 28. Qxd4) 27. Qd6+
Kd8 (27... Ke8 28. Re6+ Kd8 29. Re7 Bc8 30. Ne2) 28. e5 Kc8 29. Rf2 (29. e6
Nxf6 30. gxf6 Qd8 31. Qe5 Qc7 32. Qxd4) 29... dxc3 30. e6 cxb2 31. Qxd7+ Kb8
32. Qd6+ Kc8 33. e7 b1=Q+ 34. Kh2 {Wins again}) (22... dxc3 23. h5 Qe8 24. g6 (
24. Bd6 cxb2) 24... cxb2 (24... Nxf8 25. g7 Nh7 (25... Ne6 26. h6 Nd7 27. Rf5
Kh7 28. Rf8 Qxf8 29. gxf8=N+ Ndxf8 30. bxc3) 26. h6 Qe7 27. Rad1 Na6 28. Rd7)
25. h6 {Isnt that funny for black. I all lines his King is simply too weak})
23. Qh3 Nbd7 {Lutz: 'Schwarz setzt auf Beendigung seiner Entwicklung, aber es
ist bereits zu spät.'} (23... dxc3 24. h5 Qe8 25. bxc3 {Is winning easily}) 24.
Be7 {'+-' Lutz.} (24. h5 Qe8 25. Bd6 dxc3 26. bxc3 {Wins too}) 24... Re8 (24...
dxc3 25. h5 Qe8 (25... Qg7 {Lutz} 26. Bf6 Nxf6 27. gxf6 Qg4 28. f7+ Kf8 29.
Qxc3 Nxf7 30. h6 Qg5 31. Rf5 Qxh6 32. Raf1 $18) (25... Qxe4 26. Qe6+ Kh8 27.
Bf6+) 26. Qe6+ Kh7 27. Qh6+ Kg8 28. Bf6) 25. h5 Qg7 26. Bf6 Nxf6 27. gxf6 Qf7
28. Rf5 {The rest is without interest. White just haves an attack, as well as
material edge} Kh7 29. Qg3 dxc3 {Lutz: 'Endlich ist dieser Springer gefallen,
nachdem er 13 Züge lang hing. Aber die schwarze Stellung ist hinüber.'} 30.
Rxe5 cxb2 31. Rf1 Rxe5 32. Qxe5 Bc8 33. Qxb2 Be6 34. Qe5 b4 35. Rf3 (35. Qxe6 {
Wins as well}) 35... c3 36. Rg3 c2 37. Qf4 c1=Q+ 38. Qxc1 Qxh5 39. Rg5 Qh4 40.
g3 Qh3 41. Rg7+ Kh8 42. Qg5 {Lutz: 'Eine stark vorgetragene Partie von Peter
Heine Nielsen, die das Potential des Gambits 6.Bh4 sehr schön verdeutlicht.'}
1-0

[Event "Olympiad-34"]
[Site "Istanbul"]
[Date "2000.11.08"]
[Round "11.2"]
[White "Xu, Jun"]
[Black "Nielsen, Peter Heine"]
[Result "1-0"]
[WhiteElo "2668"]
[BlackElo "2578"]
[Annotator "Nielsen,Peter Heine"]
[PlyCount "123"]
[EventDate "2000.10.28"]
[EventType "team-swiss"]
[EventRounds "14"]
[EventCountry "TUR"]
[SourceTitle "EXT 2001"]
[Source "ChessBase"]
[SourceDate "2000.11.22"]
[SourceVersion "1"]
[SourceVersionDate "2000.11.22"]
[SourceQuality "1"]
[WhiteTeam "China"]
[BlackTeam "Denmark"]
[WhiteTeamCountry "CHN"]
[BlackTeamCountry "DEN"]

1. d4 {Lutz} d5 2. c4 c6 3. Nc3 Nf6 4. Nf3 e6 5. Bg5 h6 6. Bh4 dxc4 7. e4 g5 8.
Bg3 b5 9. Be2 Bb7 10. h4 b4 {'!?' Lutz. It seems to me that so far this move
have been underestimated. It does weaken blacks position, but he wins the e4
pawn, and if he succeeds in castling quenside, his king is as safe as whites 
Lutz: 'Ein sehr scharfer Zug. Schwarz zerstört seine Struktur am Damenflügel,
gewinnt dafür aber den Pe4.'} (10... g4 {Lutz}) 11. Na4 (11. hxg5 bxc3 12. gxf6
cxb2 13. Rb1 Qa5+ 14. Kf1 c3 15. Ne5 {Is whites best try for an advantege I
guess. Blacks pawns are surely dangerous, but white s direct attack might
succeed. Fritz likes black, but without testing in practise its difficult
evaluating such unbalanced positions}) 11... Nxe4 12. Be5 Rg8 $1 {'!?' Lutz.
Why everybody prefers the weakening 12...f6 I cant understand. Blacks is a
pawn up if white takes on c4, and whites compensation isn't that obvious  Lutz:
'Dieser Zug wurde bislang selten gespielt. Meistens gab man 12...f6 den Vorzug.
'} (12... f6 {Lutz} 13. Bxb8 $5 (13. Qc2 $5 c5 14. Bxc4 $5 fxe5 15. O-O-O exd4
16. Rhe1 Qc7 17. Bd3 $13 {0-1 Sherbakov,R-Yagupov,I/St Petersburg 1999/CBM 74/
[Lutz] (54)}) 13... Rxb8 14. hxg5 b3 $2 15. axb3 fxg5 16. O-O $16 {1-0 Ivanov,
S-Sitnikov,D/Smolensk 2000/CBM 77/[Lutz] (22)}) 13. hxg5 {It is an idea
leaving out this exchange, as black now gets g5 for his queen in some lines.
Still its logical opening the line, blacks rooks just have left.} hxg5 (13...
Nxg5 $5 {Lutz} 14. Nd2 Nd7 15. Bg3 Nb6 16. Nxc4 Nxc4 17. Bxc4 Ne4 18. Bh4 Be7
19. Bxe7 Qxe7 20. Bd3 Nf6 $6 (20... c5 $132) 21. Nc5 O-O-O $6 (21... Rd8 $5)
22. Qa4 $1 Rg5 (22... Rxd4 23. Qxa7 Rg5 24. Nxb7 Rxd3 25. Qa6 $16) 23. Ba6 Rxc5
24. Bxb7+ Qxb7 25. dxc5 $16 {1-0 Malakhatko,V-Sumets,A/Alushta 1999/EXT 2001 
(38)}) 14. Bxc4 Nd7 15. Qd3 g4 {Lutz: 'Beide Seiten spielen sehr geradlinig.'}
(15... c5 16. d5 Nxe5 17. Nxe5 Bxd5 18. Bb5+ Ke7 {Might be possible, but as
black is better in a much simpler way, white needs to improve earlier anyway})
16. Qxe4 gxf3 17. gxf3 (17. Qxf3 Qa5 (17... Nxe5 18. dxe5 Qa5 (18... Qg5 $1 {
Is better for black}) 19. O-O-O) 18. O-O-O Qxa4 19. Rh7 {Seems to much too
dangerous for black} O-O-O (19... Nxe5 20. dxe5 Rg7 21. Rxg7 (21. Bxe6 Rxh7 22.
Bd7+ Kd8 23. Bxc6+ Kc7 24. Rd7+ Kc8 25. Rd8+ Kc7 26. Rd7+ {Is Fritz way to a
draw, but although I cant find it, there must be more in it for white}) 21...
Bxg7 22. Bxe6 Bh6+ 23. Kb1 fxe6 24. Qh5+ Ke7 25. Qh4+ Ke8 26. b3 Qa5 27. Qxh6
Qxe5 28. Qg6+) 20. Qxf7 {Is winning due to blacks poor coordination}) 17... Qa5
(17... Nxe5 18. dxe5 Qa5 19. O-O-O Qxa4 20. Qd3 {Wins}) 18. Nc5 Bxc5 19. dxc5
Nxe5 20. Qxe5 O-O-O {Lutz: 'Schwarz ist mit Vorteil aus der Eröffnung gekommen.
Er hat nur noch das Problem des schlechten Bb7, während Weiß Sorgen mit seinem
König hat. Wenn sich keine wesentlichen Verbesserungen für Weiß finden, kann
12...Rg8!? als eine wichtige Neuerung bezeichnet werden.'} 21. Bb3 Qb5 (21...
Qc7 {Was safe and solid, but hoping for more I ended up with less. Still the
mistake came much later}) 22. Rd1 Ba6 (22... a5 23. Rxd8+ Rxd8 24. Rh7 (24. Rh8
) 24... Ba6 25. Bxe6+ {Is a problam, so black dont have time for the
positionally desirable a5} Kb7 26. Rxf7+ Ka8 27. Ra7+ Kxa7 28. Qc7+ Bb7 29.
Qxd8) 23. Rd2 {White understands very well, that he needs to evacuate his king
to the queenside. this takes some time, but its worth the effort. With the
king stuck in the centre black has too many tactical possibilities} Kb7 (23...
Rxd2 {Lutz} 24. Kxd2 Qd3+ 25. Kc1 Qxf3 $17) 24. Kd1 $2 {'?!' Lutz.} (24. f4 $1
{Should have been played immediately. Now I get another chance.} Rxd2 25. Kxd2
Qd3+ 26. Kc1 Qf3 {Is ok for black, but a pawn worse than the opportunity
arriving in the game!}) (24. f4 $5 {Lutz}) 24... Ka8 {'?' Lutz. Lutz:
'Anscheinend dachte Schwarz, dass er noch Zeit für diesen Zug hätte. Aber
neben dem Tempoverlust steht der König auf a8 eher schlechter als auf b7.'} (
24... Rxd2+ 25. Kxd2 Qd3+ 26. Kc1 Qxf3 {'-/+' Lutz.} 27. Rd1 {Wasn't to my
liking, as my king surely feels insecure. However after the greedy} Qxf2 {
I just don't see what white has for his pawns!} 28. Rd7+ (28. Qd6 Bb5) 28...
Ka8 {And black has too many counterthreats}) 25. f4 Rxd2+ 26. Kxd2 Qd3+ 27. Kc1
Qf3 28. Rh8 {Lutz: 'Mit dem Tausch der Türme ist klar, dass Weiß außerhalb
jeglicher Verlustgefahr ist. Im Gegenteil, er hat nun die Initiative.'} Rxh8
29. Qxh8+ Kb7 30. Qd4 Kc8 $2 (30... Bb5 31. Qd7+ Ka6 32. Qc8+ Ka5 {Is just
fine for black. The active Queen secures the draw. Blacks King looks fragile
at a5, but the queen can only give perpetual}) 31. Qd6 Kb7 32. Ba4 Qd5 {
'?' Lutz.} ({Besser ist} 32... Qh1+ {Lutz} 33. Kd2 Qd5+ 34. Qxd5 exd5 $11) 33.
Qe7+ Kb8 34. Qe8+ Bc8 35. Qxc6 Qc4+ 36. Kd2 Qd4+ (36... Qxf4+ 37. Kd3 {
Unfortunately puts an end to blacks hopes for a perpetual, so my last hope was
the ending that arises, which however is completely lost}) 37. Ke1 Qxf4 38.
Qd6+ Qxd6 39. cxd6 {'+/-' Lutz. Lutz: 'Weiß hat klaren Vorteil, da der Pd6 den
schwarzen König an die Grundreihe fesselt.'} Bb7 40. Kd2 Bd5 41. Kd3 Bxa2 42.
Kd4 f6 {Else Ke5-f6 decides} 43. Kc5 Kc8 44. Kxb4 e5 45. Kc5 Be6 46. Bc6 (46.
Bb5 {Lutz} Kd8 47. Bc6 Bg4 48. b4 Bh3 49. b5 {Weiß fixiert den Pa7.} f5 $6 {
Schwarz schwächt seine Bauernstruktur.} (49... Be6 {(Lutz) ist vielleicht
besser:} 50. Kb4 {Weiß marschiert zum Pa7. Ich sehe nicht, wie Weiß sonst
Fortschritte machen kann.} Bc8 (50... Bg4 51. Ka5 Bc8 52. d7 Bxd7 53. Bxd7 Kxd7
54. Ka6 $18) 51. Ka5 f5 52. Kb4 (52. d7 Bxd7 53. Bxd7 Kxd7 54. Ka6 e4 $11)
52... Be6 53. Kc5 f4 $16) 50. Kd5 $18 e4 51. Ke5 Bg4 52. Bd5 Bh3 53. Be6 Bf1
54. Kxf5 Bxb5 55. Kxe4 Bc6+ 56. Ke5 Bf3 57. Bd5 Bg4 58. f4 a5 59. f5 a4 60. f6
Ke8 61. f7+ Kf8 62. Be6 a3 {1-0 Xu Jun-Nielsen,P/Istanbul 2000/EXT 2001/[Lutz]
(62)} (62... a3 {Lutz} 63. d7 $18)) 46... Kd8 47. b4 Bg4 48. b5 {Just killing.
Black cant sit and wait, as white just takes a7 with his king then} f5 49. Kd5
e4 50. Ke5 Bh3 51. Bd5 Bg4 52. Be6 Be2 53. Kxf5 Bxb5 54. Kxe4 Bc6+ 55. Ke5 Bf3
56. Bd5 Bg4 57. f4 a5 58. f5 a4 59. f6 Ke8 60. f7+ Kf8 61. Be6 a3 62. d7 {
Nice technique from Xu, who played the final part of the game quickly and
flawlessly} 1-0